Bojnice

Zobrazenie: Pohľad na zámok, ktorý sa čnie nad stromami. V popredí je jazierko a vpravo na ňom je malá vežička, od ktorej vľavo vedie mostík na breh. V popredí vľavo sú na brehu kríky a nad nimi v ľavom hornom rohu sú konáre listnatého stromu. V ľavom dolnom rohu je erb rodiny Pálfy...

Full description

Bibliographic Details
Format: Photo
Language:Slovak
PhysicalDescription:1 pohľadnica čiernobiela 15 x 11 cm
Published: Praha Orbis 1971
Subjects:

MARC

LEADER 00000nkm a2200000 a 4500
001 vtls011975333
003 SK-MaSNL
005 20260301190149.0
007 kf bo
008 231120s1971 xr g kuslo
015 |a SNBG1971 
035 |a urn:nbn:sk:snk-km00eibk 
035 |a urn:nbn:sk:snk-km45x5j 
035 |a BA91F0E8-2324-4C1B-AE4D-F25237283957 
040 |a SNK  |b slo  |c SNK  |e AACR2 
041 0 |a slo 
043 |a e-xo--- 
044 |a xr  |c CZ 
072 7 |a 913  |x Regionálna geografia  |2 konspekt 
080 |a 913(437.6)  |2 2011 
080 |a 904:72  |2 2011 
080 |a 728.82  |2 2011 
080 |a 728.81  |2 2011 
080 |a 904(084.121)  |2 2011 
080 |a 712.5  |2 2011 
245 0 0 |a Bojnice  |h grafika 
260 |a Praha  |b Orbis  |c 1971 
300 |a 1 pohľadnica  |b čiernobiela  |c 15 x 11 cm 
520 8 |a Zobrazenie: Pohľad na zámok, ktorý sa čnie nad stromami. V popredí je jazierko a vpravo na ňom je malá vežička, od ktorej vľavo vedie mostík na breh. V popredí vľavo sú na brehu kríky a nad nimi v ľavom hornom rohu sú konáre listnatého stromu. V ľavom dolnom rohu je erb rodiny Pálfy 
610 2 7 |a Bojnický zámok  |2 SNKKA  |9 32519 
650 0 7 |a národné kultúrne pamiatky  |2 SNKPH  |9 31192 
650 0 7 |a zámky  |2 SNKPH  |9 3041 
650 0 7 |a hrady  |2 SNKPH  |9 3039 
650 0 7 |a záhradné jazierka  |2 SNKPH  |9 67820 
651 7 |a Bojnice (Slovensko)  |2 SNKPHgeo  |9 30288 
655 7 |a miestne pohľadnice  |2 SNKPH  |9 70510 
655 7 |a pohľadnice kultúrnych pamiatok  |2 SNKPH  |9 70523 
852 |a Slovenská národná knižnica 
954 |a pohľadnice pôvodné (slovenské)  |2 lita 
954 |a pohľadnice cudzojazyčné (svetové)  |2 lita 
958 |a GC 
958 |a GBN 
958 |a OND 
958 |a EUIPO 
999 |c 866513  |d 868443 
952 |a SNK  |b SNK  |y PREZ  |7 0  |p 17A1277161  |o snkSP 45358  |0 0  |1 0  |4 0  |d 2020-06-19  |f 1  |l 0  |r 2026-02-24 05:29:28  |w 2026-02-24